THE HARDY BOYS - SPORTS SABOTAGE (Record no. 7912)
[ view plain ]
| 000 -LEADER | |
|---|---|
| fixed length control field | 00652nam a22001457a 4500 |
| 020 ## - INTERNATIONAL STANDARD BOOK NUMBER | |
| ISBN | 978-1-4424-2316-9 |
| 082 ## - DEWEY DECIMAL CLASSIFICATION NUMBER | |
| Classification number | 823 |
| Item number | DIX/H |
| 100 ## - MAIN ENTRY--AUTHOR NAME | |
| Personal name | DIXON, FRANKLIN W |
| 245 ## - TITLE STATEMENT | |
| Title | THE HARDY BOYS - SPORTS SABOTAGE |
| 260 ## - PUBLICATION, DISTRIBUTION, ETC. (IMPRINT) | |
| Place of publication | NEW YORK |
| Name of publisher | ALADDIN PAPERBACKS |
| Year of publication | 2012 |
| 300 ## - PHYSICAL DESCRIPTION | |
| Number of Pages | 96 |
| 520 ## - SUMMARY, ETC. | |
| Summary, etc | But when the field equipment is sabotaged the day before the events are supposed to start, it looks like Field Day might not happen after all—unless someone can find out who is behind the mess of ruined rackets, tangled jump ropes, and flattened balloons. Can Frank and Joe crack the case and save Field Day? |
| 650 ## - SUBJECT ADDED ENTRY--TOPICAL TERM | |
| Topical Term | MYSTERY |
| Geographic subdivision | UNITED STATES |
| 942 ## - ADDED ENTRY ELEMENTS (KOHA) | |
| Koha item type | Books |
| Withdrawn status | Lost status | Collection code | Home library | Current library | Shelving location | Date acquired | Source of acquisition | Cost, normal purchase price | Full call number | Accession Number | Koha item type |
|---|---|---|---|---|---|---|---|---|---|---|---|
| Fiction | Main Library | Main Library | NEW SHELF WITH NEW ENTRY | 12/12/2023 | purchase | 150.00 | 823 DIX/H | 13509 | Books |